Tilastot visalle Useimmat näppäinpainallukset - 15 sekunnin sprintti

Klikkaa tästä pelataksesi tätä visaa!

Yleistilastot

  • Tätä visaa on pelattu 223 kertaa
  • Keskiarvotulos 68 / 160

Vastaustilastot

#% Oikein
1
98%
2
98%
3
98%
4
98%
5
94%
6
90%
7
90%
8
88%
9
86%
10
82%
11
82%
12
82%
13
82%
14
82%
15
78%
16
78%
17
78%
18
76%
19
76%
20
76%
21
76%
22
76%
23
76%
24
76%
25
76%
26
75%
27
75%
28
75%
29
73%
30
73%
31
73%
32
73%
33
73%
34
73%
35
71%
36
71%
37
71%
38
71%
39
71%
40
71%
41
71%
42
71%
43
71%
44
71%
45
69%
46
67%
47
65%
48
63%
49
63%
50
63%
51
63%
52
63%
53
61%
54
59%
55
59%
56
59%
57
59%
58
59%
59
57%
60
57%
61
57%
62
57%
63
57%
64
55%
65
55%
66
55%
67
55%
68
55%
69
55%
70
53%
71
53%
72
51%
73
51%
74
49%
75
47%
76
47%
77
45%
78
43%
79
41%
80
41%
81
39%
82
37%
83
35%
84
29%
85
29%
86
29%
87
29%
88
29%
89
29%
90
29%
91
27%
92
27%
93
27%
94
27%
95
27%
96
27%
97
27%
98
25%
100
24%
101
24%
102
24%
99
24%
103
22%
104
22%
105
22%
106
18%
107
18%
108
18%
109
18%
110
18%
111
16%
112
16%
113
16%
114
16%
115
16%
116
16%
117
16%
118
16%
119
16%
120
16%
121
16%
122
16%
123
16%
124
14%
125
14%
126
14%
127
14%
128
14%
129
14%
130
14%
131
14%
132
14%
133
10%
134
10%
135
10%
136
8%
137
8%
138
8%
139
8%
140
8%
141
8%
142
8%
143
8%
144
8%
145
8%
146
8%
147
8%
148
8%
149
8%
150
8%
151
8%
152
8%
153
6%
154
6%
155
6%
156
6%
157
6%
158
4%
159
4%
160
4%

Tulosjakauma

Persentiili vastausten määrän mukaan

Jokaisen tuloksen saaneiden osuus

Tuloshistoriasi

Et ole pelannut tätä visaa